| 000 | 00367 a2200145 4500 | ||
|---|---|---|---|
| 001 | 169000 | ||
| 020 | _a | ||
| 040 | _cMagnum | ||
| 100 | _aOliveira, Claudio Brandao de (Org.) | ||
| 240 | 1 | 0 |
_aConstituicao da republica federativa do brasil _lpor |
| 245 | 1 | 0 | _aConstituicao da republica federativa do brasil |
| 362 | 0 | _a1899 | |
| 697 | _aLEGISLACAO | ||
| 942 | _cBK | ||
| 999 |
_c169000 _d169000 |
||